000 00345nam a2200145Ia 4500
005 20251222144732.0
008 251222s9999||||xx |||||||||||||| ||spa||
020 _a8422625245
082 _a920.720.946/R73
100 _aRodrigo, Antonia
245 0 _aMujeres de España
250 _a1ra.ed.
264 _bCírculo de Lectores
942 _cLIB
999 _c18638
_d18638